000 00439nam a2200169Ia 4500
008 131103s9999 xx 000 0 und d
040 _aLoreto College
041 _aEnglish
082 _aF/EDE
_bLCLIB/12985
100 _aEherhart,Mignon
245 _aCall after midnight
_cMignon G.Eberhart
260 _aLondon
_bThe Crime Club
_c1964
300 _a256 p.
_c 18 cm.
650 _aFiction in English
850 _aLCLIB
942 _cBK
999 _c16664
_d67143